000 00452nam a2200181Ia 4500
001 7521
005 20260306160501.0
008 260306t2006||||xx |||||||||||||| ||spa||
041 _aESP
082 _a339
_bS19 2006
100 _aSamuelson, Paul A.
_eAUT
245 0 _aMacroeconomía:
_bcon aplicaciones a Latinoamérica
260 _c2006
300 _axxii, 476 páginas :
_c27 cm.
650 _aGEN
654 _aCAN
942 _cLIB
_dJUS
_fJUS
_2ddc
_n
999 _c7521
_d7521